[Event "DEN-ch cand"]
[Site "Svendborg"]
[Date "2018.04.01"]
[Round "6"]
[White "Stentebjerg Hansen, Per"]
[Black "Haubro, Martin"]
[Result "0-1"]
[WhiteElo "2273"]
[BlackElo "2297"]
[PlyCount "62"]
[EventDate "2018.03.27"]
[EventType "swiss"]
[EventRounds "7"]
[EventCountry "DEN"]
[SourceTitle "EXT 2019"]
[Source "ChessBase"]
[SourceDate "2018.10.10"]
[SourceVersion "1"]
[SourceVersionDate "2018.10.10"]
[SourceQuality "1"]

1. d4 Nf6 2. Nf3 c5 3. c3 d5 4. g3 Nc6 5. Bg2 Bg4 6. 0-0 e6 7. Qb3 a6 8. Nbd2 cxd4 9. cxd4 Bd6 10. a3 0-0 11. h3 Bf5 12. Qe3 Qb6 13. b3 h6 14. Bb2 Bh7 15. Rfc1 Rfe8 16. g4 Rad8 17. Rc3 Nd7 18. Rcc1 f6 19. Nf1 e5 20. dxe5 Bc5 21. Qd2 Bxf2+ 22. Kh1 Nc5 23. Rxc5 Bxc5 24. exf6 Qxb3 25. fxg7 Qc2 26. Qxc2 Bxc2 27. Rc1 Rxe2 28. Ng3 Rf2 29. Nh5 d4 30. Ne1 Bg6 31. Rxc5 Rxb2 0-1

[Event "DEN-ch Seniors 50+"]
[Site "Hvidovre"]
[Date "2018.02.18"]
[Round "7"]
[White "Lilja, Richard"]
[Black "Stentebjerg Hansen, Per"]
[Result "1/2-1/2"]
[WhiteElo "2086"]
[BlackElo "2261"]
[PlyCount "166"]
[EventDate "2018.02.12"]
[EventType "swiss"]
[EventRounds "7"]
[EventCountry "DEN"]
[SourceTitle "CBM 183 Extra"]
[Source "ChessBase"]
[SourceDate "2018.04.19"]
[SourceVersion "1"]
[SourceVersionDate "2018.04.19"]
[SourceQuality "1"]

1. e4 c6 2. d4 d5 3. Nc3 dxe4 4. Nxe4 Bf5 5. Ng3 Bg6 6. h4 h6 7. Nf3 Nd7 8. h5 Bh7 9. Bd3 Bxd3 10. Qxd3 Ngf6 11. Bd2 Qc7 12. 0-0-0 0-0-0 13. Ne4 e6 14. g3 Nxe4 15. Qxe4 Bd6 16. c4 c5 17. Kb1 Kb8 18. Bc3 Nf6 19. Qe2 Ka8 20. a3 Rhe8 21. Ka2 Rc8 22. dxc5 Bxc5 23. b4 Bf8 24. Rh4 a6 25. Ne5 Bd6 26. c5 Bxe5 27. Bxe5 Qc6 28. Rd6 Qa4 29. Qb2 Red8 30. Rhd4 Rxd6 31. Rxd6 Ne8 32. Rd4 f6 33. Bd6 e5 34. Rd2 Qd7 35. Qb3 Nc7 36. a4 Ne6 37. b5 Nxc5 38. Qb4 b6 39. Bxc5 Qe6+ 40. Qb3 Qxb3+ 41. Kxb3 Rxc5 42. bxa6 e4 43. Rd7 Rxh5 44. Rxg7 Rf5 45. Kc4 Rxf2 46. Rf7 e3 47. Re7 e2 48. g4 f5 49. gxf5 Rxf5 50. Rxe2 Ka7 51. Re6 h5 52. Rh6 Kxa6 53. Rh8 Rf4+ 54. Kb3 h4 55. Rh5 Rf3+ 56. Kb4 Rf4+ 57. Kb3 Kb7 58. Rh6 Kc7 59. Ka3 Rd4 60. Kb3 Rd3+ 61. Kc4 Rh3 62. Rh7+ Kc6 63. Rh6+ Kb7 64. Rh7+ Ka6 65. Kb4 Rh1 66. Rh5 h3 67. Kb3 Kb7 68. Rh6 Kc7 69. Kb2 h2 70. Ka2 Kd7 71. Kb2 Ke7 72. Ka2 Kf7 73. Kb2 Kg7 74. Rh3 Kg6 75. Rh8 Kg5 76. Rg8+ Kf4 77. Rh8 Ke3 78. Rh3+ Kd4 79. Rh4+ Kd3 80. Rh3+ Kc4 81. Rh4+ Kc5 82. Ka2 Kc6 83. Rh5 Kb7 1/2-1/2

[Event "DEN-ch Seniors 50+"]
[Site "Logumkloster"]
[Date "2017.02.16"]
[Round "5"]
[White "Matras, Ove"]
[Black "Stentebjerg Hansen, Per"]
[Result "0-1"]
[WhiteElo "1828"]
[BlackElo "2239"]
[PlyCount "146"]
[EventDate "2017.02.12"]
[EventType "swiss"]
[EventRounds "7"]
[EventCountry "DEN"]
[SourceTitle "EXT 2018"]
[Source "ChessBase"]
[SourceDate "2017.10.13"]
[SourceVersion "1"]
[SourceVersionDate "2017.10.13"]
[SourceQuality "1"]

1. b3 e5 2. Bb2 Nc6 3. e3 Nf6 4. Nf3 e4 5. Nd4 Nxd4 6. Bxd4 b6 7. d3 Bb7 8. Nd2 d5 9. Be2 Be7 10. 0-0 0-0 11. Re1 Re8 12. c4 exd3 13. Bxd3 dxc4 14. Bxc4 Qd7 15. Be2 Rad8 16. Qc2 c5 17. Bc3 Nd5 18. Rad1 Nxc3 19. Qxc3 Bf6 20. Qc2 Qc7 21. Nf3 g6 22. h3 Bc6 23. Nh2 Bg7 24. Bf3 Bd7 25. Bg4 Bb5 26. Be2 Bc6 27. Bf3 Be5 28. Nf1 Bxf3 29. gxf3 Qc6 30. Kg2 a5 31. Rxd8 Rxd8 32. Qe4 Qd6 33. f4 Bf6 34. Qf3 Qd7 35. e4 a4 36. e5 Be7 37. bxa4 Qxa4 38. f5 Qa8 39. f6 Bf8 40. Qxa8 Rxa8 41. Re2 Bh6 42. Kf3 Ra3+ 43. Ne3 Kf8 44. Rb2 Ke8 45. Ke4 Bxe3 46. fxe3 Ra6 47. Kd5 Kd7 48. h4 h6 49. a4 c4 50. Kd4 c3 51. Kxc3 Ke6 52. Kb4 Kxe5 53. Kb5 Ra5+ 54. Kb4 Rc5 55. Rd2 Rc6 56. Kb5 Rxf6 57. Rd7 g5 58. hxg5 hxg5 59. Rb7 g4 60. Re7+ Kf5 61. e4+ Kg6 62. e5 Re6 63. Rd7 g3 64. Rd3 Rxe5+ 65. Kxb6 Rg5 66. Rd1 Kh5 67. a5 f5 68. a6 Rg6+ 69. Kb7 Rg7+ 70. Kc6 f4 71. Kd6 g2 72. Rg1 f3 73. Ke5 f2 0-1

[Event "DEN-ch Seniors 50+"]
[Site "Koge"]
[Date "2016.02.21"]
[Round "1"]
[White "Stentebjerg Hansen, Per"]
[Black "Petrovski, Petruli"]
[Result "1-0"]
[WhiteElo "2280"]
[BlackElo "1888"]
[PlyCount "55"]
[EventDate "2016.02.21"]
[EventType "swiss"]
[EventRounds "7"]
[EventCountry "DEN"]
[SourceTitle "EXT 2018"]
[Source "ChessBase"]
[SourceDate "2017.10.13"]
[SourceVersion "1"]
[SourceVersionDate "2017.10.13"]
[SourceQuality "1"]

1. d4 Nf6 2. c4 e6 3. Nc3 Bb4 4. e3 0-0 5. Nge2 d5 6. a3 Be7 7. cxd5 exd5 8. Ng3 c6 9. Bd3 g6 10. 0-0 Bd6 11. Bd2 Ng4 12. Nce2 Qh4 13. h3 Nf6 14. f4 Re8 15. Qe1 Bd7 16. Ne4 Nxe4 17. Qxh4 Nxd2 18. Rfd1 Nb3 19. Rab1 Rxe3 20. f5 Na6 21. fxg6 hxg6 22. Qh6 Re6 23. Nf4 Bxf4 24. Qxf4 Rae8 25. Rf1 R6e7 26. Rbe1 Be6 27. Qf6 Nc7 28. Rf4 1-0

[Event "DEN-ch cand"]
[Site "Svendborg"]
[Date "2015.04.02"]
[Round "3"]
[White "Stentebjerg Hansen, Per"]
[Black "Bjerre, Jonas Buhl"]
[Result "1/2-1/2"]
[WhiteElo "2260"]
[BlackElo "2169"]
[PlyCount "28"]
[EventDate "2015.03.31"]
[EventType "swiss"]
[EventRounds "7"]
[EventCountry "DEN"]
[SourceTitle "EXT 2018"]
[Source "ChessBase"]
[SourceDate "2017.10.13"]
[SourceVersion "1"]
[SourceVersionDate "2017.10.13"]
[SourceQuality "1"]

1. c3 d5 2. Nf3 Nf6 3. g3 c6 4. Bg2 Bg4 5. Qb3 Qb6 6. Ne5 Bf5 7. d3 e6 8. Bf4 Nbd7 9. Nxd7 Nxd7 10. Nd2 e5 11. Qxb6 axb6 12. Be3 Bd6 13. 0-0 0-0 14. a3 Be6 1/2-1/2

[Event "DEN-ch Seniors 50"]
[Site "Randers"]
[Date "2015.02.12"]
[Round "6"]
[White "Stentebjerg Hansen, Per"]
[Black "Brautsch, Soren"]
[Result "1-0"]
[WhiteElo "2223"]
[BlackElo "2262"]
[PlyCount "129"]
[EventDate "2015.02.07"]
[EventType "swiss"]
[EventRounds "7"]
[EventCountry "DEN"]
[SourceTitle "EXT 2016"]
[Source "ChessBase"]
[SourceDate "2015.10.08"]
[SourceVersion "1"]
[SourceVersionDate "2015.10.08"]
[SourceQuality "1"]

1. d4 d5 2. Bf4 Nc6 3. e3 Nf6 4. c4 e6 5. Nc3 Bd6 6. Bg5 dxc4 7. Bxc4 h6 8. Bh4 0-0 9. Nf3 Be7 10. 0-0 Nd5 11. Bg3 Nxc3 12. bxc3 Bd6 13. e4 Bxg3 14. hxg3 Qe7 15. e5 b6 16. Bd3 Bb7 17. Bc2 Rad8 18. Qd3 g6 19. Qe3 Kg7 20. Nh2 h5 21. Qf4 Rh8 22. Nf3 Nb8 23. a4 a5 24. Rfd1 Nd7 25. Rd2 Rhf8 26. Ng5 Bd5 27. Bd3 c5 28. Bb5 cxd4 29. cxd4 f6 30. exf6+ Nxf6 31. Rc2 Nd7 32. Qe3 Rf5 33. f4 Nf6 34. Rac1 Qd6 35. Rc7+ Kg8 36. Nf7 Ng4 37. Nxd6 Nxe3 38. Nxf5 Nxf5 39. Ra7 Nxd4 40. Rcc7 Nf5 41. Bd3 Bb3 42. Bxf5 gxf5 43. Rg7+ Kh8 44. Rh7+ Kg8 45. Rag7+ Kf8 46. Rb7 Kg8 47. Rxh5 Bxa4 48. Rxb6 Rd1+ 49. Kf2 Bd7 50. Ke2 Rd5 51. Ke3 a4 52. Rh1 Kf8 53. Rb7 Ke7 54. Rh7+ Kd8 55. Ra7 Rd1 56. Kf2 Rd4 57. Rg7 Rd5 58. g4 fxg4 59. Kg3 Rd3+ 60. Kh4 Rd4 61. g3 Rd1 62. Kg5 Rd5+ 63. Kxg4 e5+ 64. f5 e4 65. Kf4 1-0

[Event "DEN-ch Seniors 50"]
[Site "Randers"]
[Date "2015.02.11"]
[Round "5"]
[White "Larsen, Flemming Bo"]
[Black "Stentebjerg Hansen, Per"]
[Result "0-1"]
[WhiteElo "2186"]
[BlackElo "2223"]
[PlyCount "62"]
[EventDate "2015.02.07"]
[EventType "swiss"]
[EventRounds "7"]
[EventCountry "DEN"]
[SourceTitle "EXT 2016"]
[Source "ChessBase"]
[SourceDate "2015.10.08"]
[SourceVersion "1"]
[SourceVersionDate "2015.10.08"]
[SourceQuality "1"]

1. c4 c6 2. g3 d5 3. cxd5 cxd5 4. Bg2 Nf6 5. Qb3 Nc6 6. Nc3 e6 7. Nf3 Be7 8. 0-0 0-0 9. d3 b6 10. Bf4 Bb7 11. e4 Rc8 12. exd5 Na5 13. Qa4 Nxd5 14. Nxd5 Bxd5 15. Rac1 Qe8 16. Qxe8 Rfxe8 17. b3 Ba3 18. Rcd1 Nc6 19. Nd2 Nd4 20. Be3 Ne2+ 21. Kh1 Nc3 22. Rde1 Bxg2+ 23. Kxg2 Nd5 24. Nb1 Bb2 25. Re2 Bf6 26. d4 Be7 27. Kf3 Rc6 28. Rc1 Rec8 29. Rxc6 Rxc6 30. a3 Kf8 31. Ke4 Nc3+ 0-1

[Event "Scandic Cup"]
[Site "Odense"]
[Date "1991.??.??"]
[Round "4"]
[White "Borkowski, Franciszek"]
[Black "Stentebjerg Hansen, Per"]
[Result "1-0"]
[WhiteElo "2375"]
[BlackElo "2255"]
[PlyCount "131"]
[EventDate "1991.??.??"]
[EventType "tourn"]
[EventRounds "9"]
[EventCountry "DEN"]
[EventCategory "4"]
[SourceTitle "EXT 2000"]
[Source "ChessBase"]
[SourceDate "1999.11.16"]
[SourceVersion "1"]
[SourceVersionDate "1999.11.16"]
[SourceQuality "1"]

1. e4 e6 2. d4 d5 3. Nc3 Bb4 4. e5 Qd7 5. Qg4 Bf8 6. h4 h5 7. Qf4 b6 8. Bb5 c6 9. Ba4 Na6 10. Nce2 Bb7 11. Nf3 0-0-0 12. c3 Nc7 13. 0-0 Nh6 14. Ng3 Nf5 15. Nxf5 exf5 16. Bc2 g6 17. Qg3 Kb8 18. Bg5 Rc8 19. Bf6 Rg8 20. Rfe1 Ka8 21. b4 Bh6 22. a4 a6 23. Bg5 Bxg5 24. Nxg5 Rg7 25. a5 b5 26. Re3 Ne6 27. Nxe6 Qxe6 28. Rae1 Re8 29. Qg5 Rgg8 30. f3 Bc8 31. Kh2 Kb7 32. Kg3 Qd7 33. Kf2 Qc7 34. Rg1 Rh8 35. g3 Be6 36. Ree1 Rh7 37. Ke3 Qd7 38. Ref1 Qc7 39. Bd1 Reh8 40. Qf6 Qd7 41. Rh1 Rg8 42. Qg5 Rgh8 43. Kf4 Rf8 44. Ke3 Rfh8 45. Kf2 Rh6 46. Rfg1 R6h7 47. g4 hxg4 48. fxg4 fxg4 49. Bxg4 Bxg4 50. Qxg4 Qe7 51. Kg3 Rh5 52. Rf1 g5 53. Rf6 Rxh4 54. Rxh4 gxh4+ 55. Kh3 Rc8 56. Qg7 Rc7 57. Qg8 Ka7 58. Kxh4 Kb7 59. Kg3 Rd7 60. Rh6 Rd8 61. Qg7 Rc8 62. Rh7 Rc7 63. Kf4 Qe6 64. Qg8 Qc8 65. Qxc8+ Kxc8 66. Kf5 1-0

[Event "DEN-chT 9091"]
[Site "Denmark"]
[Date "1991.??.??"]
[Round "4"]
[White "Clausen, Steen"]
[Black "Stentebjerg Hansen, Per"]
[Result "0-1"]
[WhiteElo "2250"]
[BlackElo "2255"]
[PlyCount "80"]
[EventDate "1990.??.??"]
[EventType "team"]
[EventRounds "7"]
[EventCountry "DEN"]
[SourceTitle "EXT 2002"]
[Source "ChessBase"]
[SourceDate "2001.11.25"]
[SourceVersion "1"]
[SourceVersionDate "2001.11.25"]
[SourceQuality "1"]

1. d4 Nf6 2. Nf3 g6 3. Nc3 d5 4. Bg5 Bg7 5. e3 c6 6. Be2 Qb6 7. Rb1 Nbd7 8. 0-0 0-0 9. b4 Re8 10. b5 Qa5 11. bxc6 bxc6 12. Qd2 Ba6 13. Bxa6 Qxa6 14. Qd3 Qa5 15. Rb3 e5 16. Nxe5 Nxe5 17. dxe5 Nd7 18. Nb1 Nc5 19. Ra3 Qb6 20. Qe2 Bxe5 21. c3 Qc7 22. f4 Bd6 23. Nd2 Nd7 24. Rb3 Rxe3 25. Qg4 f6 26. Bh6 f5 27. Qh4 Be7 28. Bg5 Bxg5 29. Qxg5 Nc5 30. Rbb1 Rae8 31. Qh4 Rxc3 32. Nf3 Qe7 33. Qh6 Ne4 34. Kh1 Nf6 35. Rbe1 Re3 36. Rxe3 Qxe3 37. h3 Ne4 38. Re1 Qf2 39. Kh2 Rb8 40. Rg1 Qg3+ 0-1

[Event "DEN-chT 9192"]
[Site "Denmark"]
[Date "1991.??.??"]
[Round "4"]
[White "Stentebjerg Hansen, Per"]
[Black "Andersen, Jens Knud"]
[Result "0-1"]
[WhiteElo "2255"]
[BlackElo "2300"]
[PlyCount "88"]
[EventDate "1991.??.??"]
[EventType "team"]
[EventRounds "7"]
[EventCountry "DEN"]
[SourceTitle "EXT 2000"]
[Source "ChessBase"]
[SourceDate "1999.11.16"]
[SourceVersion "1"]
[SourceVersionDate "1999.11.16"]
[SourceQuality "1"]

1. e4 c5 2. Nc3 Nc6 3. g3 g6 4. Bg2 Bg7 5. d3 d6 6. Be3 Nf6 7. h3 Be6 8. Qd2 Rc8 9. Bh6 Bxh6 10. Qxh6 Qb6 11. Qc1 c4 12. Nf3 cxd3 13. cxd3 Nb4 14. Qd2 Qa6 15. Bf1 0-0 16. Be2 d5 17. e5 Nd7 18. d4 Qb6 19. h4 Rfd8 20. h5 Bf5 21. Rc1 Nf8 22. Rh4 a5 23. g4 Be4 24. a3 Nd3+ 25. Bxd3 Bxf3 26. hxg6 fxg6 27. Be2 Bxe2 28. Kxe2 Ne6 29. Ke3 Rc4 30. g5 Rf8 31. Nxd5 Qb3+ 32. Rc3 Rxc3+ 33. Nxc3 Nxg5 34. f4 Ne6 35. d5 Ng7 36. Ke2 Nf5 37. Rg4 b5 38. Rg1 b4 39. axb4 axb4 40. Ne4 Rc8 41. Rc1 Nd4+ 42. Qxd4 Rxc1 43. d6 Qh3 44. d7 Qf1+ 0-1

[Event "Politiken Cup 13th"]
[Site "Copenhagen"]
[Date "1991.??.??"]
[Round "?"]
[White "Stentebjerg Hansen, Per"]
[Black "Berg, Klaus"]
[Result "0-1"]
[WhiteElo "2255"]
[BlackElo "2420"]
[PlyCount "98"]
[EventDate "1991.06.??"]
[EventType "swiss"]
[EventRounds "9"]
[EventCountry "DEN"]
[SourceTitle "EXT 1997"]
[Source "ChessBase"]
[SourceDate "1996.11.15"]
[SourceVersion "1"]
[SourceVersionDate "1996.11.15"]
[SourceQuality "1"]

1. d4 Nf6 2. c4 g6 3. Nc3 Bg7 4. e4 d6 5. f3 0-0 6. Be3 e5 7. Nge2 c6 8. Qd2 a6 9. d5 cxd5 10. cxd5 Nbd7 11. g4 h5 12. Bg5 hxg4 13. fxg4 Nc5 14. Bg2 Bxg4 15. h3 Bxe2 16. Qxe2 Qb6 17. Bf3 Rac8 18. h4 Qxb2 19. Qxb2 Nd3+ 20. Kd2 Nxb2 21. Rab1 Nc4+ 22. Kd3 Rc7 23. h5 Rfc8 24. Ne2 Nh7 25. Bc1 Nf8 26. hxg6 Nxg6 27. Bg4 Rb8 28. Bf5 b5 29. Rg1 Nh4 30. Ng3 Kf8 31. Bg4 Ng6 32. Nh5 Nf4+ 33. Nxf4 exf4 34. Bxf4 Be5 35. Bh6+ Ke7 36. Bg5+ Bf6 37. Bf4 Rg8 38. Bf5 Rxg1 39. Rxg1 Nb2+ 40. Kd2 Nc4+ 41. Kd3 Ne5+ 42. Bxe5 Bxe5 43. Rg2 Rc3+ 44. Kd2 b4 45. Kd1 a5 46. Rc2 Ra3 47. Kc1 a4 48. Rc7+ Kf6 49. Rb7 b3 0-1

[Event "Politiken Cup 13th"]
[Site "Copenhagen"]
[Date "1991.??.??"]
[Round "?"]
[White "Stentebjerg Hansen, Per"]
[Black "Stangl, Anita"]
[Result "1-0"]
[WhiteElo "2255"]
[BlackElo "2100"]
[PlyCount "85"]
[EventDate "1991.06.??"]
[EventType "swiss"]
[EventRounds "9"]
[EventCountry "DEN"]
[SourceTitle "EXT 1997"]
[Source "ChessBase"]
[SourceDate "1996.11.15"]
[SourceVersion "1"]
[SourceVersionDate "1996.11.15"]
[SourceQuality "1"]

1. d4 e6 2. e4 d5 3. Nc3 Nf6 4. Bg5 Be7 5. e5 Nfd7 6. Bxe7 Qxe7 7. f4 0-0 8. Qd2 c5 9. dxc5 Nc6 10. 0-0-0 Nxc5 11. Nf3 a6 12. Bd3 f5 13. exf6 Qxf6 14. g3 b5 15. Qf2 Na4 16. Nxa4 bxa4 17. Qc5 Bd7 18. Rhe1 Rfc8 19. Qd6 Ra7 20. Ne5 Nxe5 21. Rxe5 Qf8 22. Qxf8+ Rxf8 23. a3 g6 24. h4 Rf6 25. Be2 Bb5 26. Rd4 Rc7 27. c3 Rc5 28. Bd1 Rc4 29. Rxc4 Bxc4 30. Bxa4 Kf7 31. Bd1 Bd3 32. Kd2 Bf1 33. Bf3 Bb5 34. Ke3 Bc4 35. Bd1 Ke7 36. b3 Bf1 37. Kd4 h5 38. Bc2 Bh3 39. Bd3 Rf8 40. Bxg6 Rg8 41. Rg5 Bg4 42. Bd3 Rb8 43. b4 1-0

[Event "DEN-chB"]
[Site "Denmark"]
[Date "1989.??.??"]
[Round "?"]
[White "Bang, Andreas"]
[Black "Stentebjerg Hansen, Per"]
[Result "0-1"]
[WhiteElo "2315"]
[BlackElo "2280"]
[PlyCount "72"]
[EventDate "1989.??.??"]
[EventType "swiss"]
[EventRounds "7"]
[EventCountry "DEN"]
[SourceTitle "EXT 2000"]
[Source "ChessBase"]
[SourceDate "1999.11.16"]
[SourceVersion "1"]
[SourceVersionDate "1999.11.16"]
[SourceQuality "1"]

1. Nf3 g6 2. c4 Bg7 3. e4 d6 4. d4 Nf6 5. Nc3 0-0 6. Be2 e5 7. 0-0 Nc6 8. d5 Ne7 9. Ne1 Nd7 10. Nd3 f5 11. Bd2 Nf6 12. f3 Rf7 13. a4 f4 14. a5 Bf8 15. c5 g5 16. cxd6 cxd6 17. Nf2 Rg7 18. Nb5 Kh8 19. Rc1 Neg8 20. Rc3 h5 21. h3 Ne8 22. Qc2 Ngf6 23. Nxa7 Bd7 24. Nb5 Qxa5 25. Na3 Qa7 26. Bb5 g4 27. fxg4 hxg4 28. Bxd7 Rxd7 29. hxg4 Nxg4 30. Rc8 Rd8 31. Rxa8 Rxa8 32. Qd1 Nef6 33. Nb5 Qb6 34. Qe2 Nxf2 35. Rxf2 Ra1+ 36. Kh2 Qxf2 0-1